Rappeur d'origine congolaise - Statistiques

Statistiques générales
  • Ce quiz a été pris 82 fois
  • Le résultat moyen est 12 sur 14
Statistiques - réponses
Par images Réponse % Correct
Gims
99%
Damso
96%
Niska
96%
Théodora
96%
Ninho
94%
SDM
94%
Tiakola
93%
Dadju
88%
Kalash criminel
88%
Youssoupha
87%
Guy2Bezbar
75%
Keblack
74%
Franglish
72%
Josman
32%
Aucun quiz correspondant
Distribution des résultats
% des personnes avec chaque résultat
Percentile par nombre de réponses
Votre historique - résultats
Vous n’avez pas pris ce quiz